| 000 | 01035cam a22002897a 4500 | ||
|---|---|---|---|
| 003 | CHAP | ||
| 005 | 20220329141725.0 | ||
| 008 | 971013s r 00010 d | ||
| 010 | _a72830 | ||
| 011 | _a73802 | ||
| 035 | _a83360 | ||
| 040 | _cCHAP | ||
| 082 |
_a333.91 _bC3 |
||
| 100 | 0 | 0 |
_aCano, Guillermo J. _918440 |
| 245 | 0 | _aColección de estudios jurídicos-políticos sobre los recursos naturales y el ambiente humano | |
| 260 |
_aMéndoza, Argentina : _bInstituto Nacional de Ciencia y Técnica Hídricas, _c19 - |
||
| 300 | _a4 v. en 6 t. | ||
| 500 | _aLa biblioteca tiene: v.3 pte.1 Derecho, política y administración de aguas. | ||
| 590 |
_aBATCH-UPD _b10 _c20130110 _lUCH01 _h0201 |
||
| 590 |
_aBATCH-UPD _b10 _c20130110 _lUCH01 _h0747 |
||
| 590 |
_aCONVERSION _b10 _c20130109 _lUCH01 _h1340 |
||
| 650 | 1 | 4 |
_aAgua _xAbastecimiento _xArgentina. _92227 |
| 650 | 1 | 4 |
_aAgua _xLeyes _xArgentina. _92382 |
| 901 | _aBK | ||
| 942 | _cLIBRO | ||
| 949 |
_a333.91 C3 _bBC _cLIBRO _d33724000333779 _eLIBRO _fv.3 pte. 1 _h47262 _i83360 _mD _si |
||
| 999 |
_c72830 _d72830 |
||